<?xml version="1.0" encoding="UTF-8"?>
<collection xmlns="http://www.loc.gov/MARC21/slim">
 <record>
  <leader>01004nam a2200193 a 4500</leader>
  <controlfield tag="001">1/45732</controlfield>
  <controlfield tag="008">130618s2014    lu a         n000 0 gre  </controlfield>
  <datafield tag="020" ind1=" " ind2=" ">
   <subfield code="a">9789292021320</subfield>
  </datafield>
  <datafield tag="035" ind1=" " ind2=" ">
   <subfield code="l">48696</subfield>
  </datafield>
  <datafield tag="040" ind1=" " ind2=" ">
   <subfield code="a">GR-PeUP</subfield>
  </datafield>
  <datafield tag="082" ind1="0" ind2="0">
   <subfield code="a">KET 338.642 ΕΥΡ</subfield>
  </datafield>
  <datafield tag="245" ind1="0" ind2="3">
   <subfield code="a">Το μυστικό της Επιτυχίας 2014-2015 :</subfield>
   <subfield code="b">ψηφιακοί πρωταγωνιστές της Ευρώπης, μετασχηματίζοντας την οικονομία μας /</subfield>
   <subfield code="c">Ευρωπαϊκή Επιτροπή.</subfield>
  </datafield>
  <datafield tag="260" ind1=" " ind2=" ">
   <subfield code="a">Λουξεμβούργο:</subfield>
   <subfield code="b">Υπηρεσία Εκδόσεων της Ευρωπαϊκής Ένωσης,</subfield>
   <subfield code="c">2014.</subfield>
  </datafield>
  <datafield tag="300" ind1=" " ind2=" ">
   <subfield code="a">50 σ. :</subfield>
   <subfield code="b">εικ. ;</subfield>
   <subfield code="c">21 εκ.</subfield>
  </datafield>
  <datafield tag="546" ind1=" " ind2=" ">
   <subfield code="a">Ελληνική.</subfield>
  </datafield>
  <datafield tag="650" ind1=" " ind2="4">
   <subfield code="a">Επιχειρήσεις</subfield>
   <subfield code="z">Ευρωπαϊκή Ενωση, Χώρες της.</subfield>
  </datafield>
  <datafield tag="710" ind1="2" ind2=" ">
   <subfield code="a">Ευρωπαϊκή Επιτροπή.</subfield>
  </datafield>
  <datafield tag="852" ind1=" " ind2=" ">
   <subfield code="a">INST</subfield>
   <subfield code="b">UNIPILB</subfield>
   <subfield code="c">KET</subfield>
   <subfield code="e">20150226</subfield>
   <subfield code="h">KET 338.642 ΕΥΡ</subfield>
   <subfield code="p">00172877</subfield>
   <subfield code="q">00172877</subfield>
   <subfield code="t">LOAN</subfield>
   <subfield code="y">0</subfield>
   <subfield code="4">1</subfield>
  </datafield>
  <datafield tag="856" ind1="4" ind2="1">
   <subfield code="u">http://dx.doi.org/10.2826/36198</subfield>
  </datafield>
 </record>
</collection>
